000 00231nam a2200085Ia 4500
008 170620s9999 xx 000 0 und d
100 _aAnand- Mulkraj (Hindi)
245 0 _aMahatma Gandhi ke amar vichar (Hindi)
260 _bNew Delhi- N.C.E.R.T.
260 _c2000
999 _c23880
_d23880